000 00607nam a2200241Ia 4500
003 OSt
005 20221007101326.0
006 a|||||r|||| 00| 0
007 ta
008 221006b |||||||| |||| 00| 0 eng d
024 _a6,254
037 _cTextual
040 _aLCO
_cLCO
_beng
041 _2eng
_aeng
082 _aZ10bv1:5, L2
100 _aROBERTSON A H
245 0 _aHuman Rights in The World.
260 _aLondon
_bMancheter Press
_c1972
300 _a280
650 _aHUMAN RIGHTS
942 _hZ10bv1:5, L2
_cTEXL
999 _c1175817
_d1175817